Galatians / (Record no. 6976)

MARC details
000 -LEADER
fixed length control field 01174cam a2200313 a 4500
001 - CONTROL NUMBER
control field 1950255
003 - CONTROL NUMBER IDENTIFIER
control field GBCCL
005 - DATE AND TIME OF LATEST TRANSACTION
control field 20241126110616.0
008 - FIXED-LENGTH DATA ELEMENTS--GENERAL INFORMATION
fixed length control field 870811s1987 ilu b 001 0 eng
010 ## -
-- 87023969
020 ## - INTERNATIONAL STANDARD BOOK NUMBER
International Standard Book Number 0802407625
040 ## - CATALOGING SOURCE
Original cataloging agency DLC
Transcribing agency DLC
Modifying agency DLC
050 00 -
-- BS2685.3
-- .M3 1987
082 00 - DEWEY DECIMAL CLASSIFICATION NUMBER
Classification number 225.77
Edition information 19
Item number MAC
100 1# - MAIN ENTRY--PERSONAL NAME
Personal name MacArthur, John,
Dates associated with a name 1939-
9 (RLIN) 1165
245 10 - TITLE STATEMENT
Title Galatians /
Statement of responsibility, etc. John MacArthur, Jr.
260 ## - PUBLICATION, DISTRIBUTION, ETC.
Place of publication, distribution, etc. Chicago :
Name of publisher, distributor, etc. Moody Press,
Date of publication, distribution, etc. c1987.
300 ## - PHYSICAL DESCRIPTION
Extent xiii, 221 p. ;
Dimensions 24 cm.
490 1# - SERIES STATEMENT
Series statement The MacArthur New Testament commentary
500 ## - GENERAL NOTE
General note Includes indexes.
504 ## - BIBLIOGRAPHY, ETC. NOTE
Bibliography, etc. note Bibliography: p. 213.
630 00 - SUBJECT ADDED ENTRY--UNIFORM TITLE
Uniform title Bible.
Name of part/section of a work Galatians
General subdivision Commentaries.
9 (RLIN) 854
800 1# -
-- MacArthur, John,
-- 1939-
-- MacArthur New Testament commentary.
-- 12401
856 42 - ELECTRONIC LOCATION AND ACCESS
Materials specified Publisher description
Uniform Resource Identifier <a href="http://www.loc.gov/catdir/enhancements/fy0609/87023969-d.html">http://www.loc.gov/catdir/enhancements/fy0609/87023969-d.html</a>
856 41 - ELECTRONIC LOCATION AND ACCESS
Materials specified Table of contents only
Uniform Resource Identifier <a href="http://www.loc.gov/catdir/enhancements/fy1202/87023969-t.html">http://www.loc.gov/catdir/enhancements/fy1202/87023969-t.html</a>
856 42 - ELECTRONIC LOCATION AND ACCESS
Materials specified Contributor biographical information
Uniform Resource Identifier <a href="http://www.loc.gov/catdir/enhancements/fy1202/87023969-b.html">http://www.loc.gov/catdir/enhancements/fy1202/87023969-b.html</a>
906 ## - LOCAL DATA ELEMENT F, LDF (RLIN)
a 7
b cbc
c orignew
d 1
e ocip
f 19
g y-gencatlg
942 ## - ADDED ENTRY ELEMENTS (KOHA)
Source of classification or shelving scheme Dewey Decimal Classification
Koha item type Reference Books
Holdings
Withdrawn status Lost status Source of classification or shelving scheme Damaged status Not for loan Home library Current Library Shelving location Date acquired Total checkouts Full call number Barcode Date last seen Copy number Price effective from Koha item type
    Dewey Decimal Classification     GRACE BIBLE COLLEGE GRACE BIBLE COLLEGE Commentary 2018-07-05   225.77 MAC 005520 2025-05-01 c.1 2018-07-05 Reference Books
© Grace Bible College Library 2025